Statistiques concernant De droite ou de gauche? - Clic Quiz #2

Cliquez ici pour prendre le quiz!

Statistiques générales

  • Ce quiz a été pris 2 165 fois
  • Le résultat moyen est 12 sur 15

Statistiques - réponses

HintRéponse% Correct
L'avionDroite
92%
Les Etats-Unis d'AmériqueDroite
92%
Sécher les coursGauche
91%
BFM TVDroite
86%
La Fête de l'HumaGauche
86%
Le véloGauche
85%
CubaGauche
81%
Adrien QuatennensGauche
81%
MediapartGauche
79%
Les mocassinsDroite
78%
Michel SardouDroite
76%
Final FantasyGauche
71%
La réforme grégorienneDroite
64%
La nostalgieDroite
61%
Louis AragonGauche
52%

Distribution des résultats

Percentile par nombre de réponses

% des personnes avec chaque résultat

Votre développement - résultats

Vous n’avez pas pris ce quiz